[Event "August 2012 USCF Quads G/90"]
[Site "Port Huron"]
[Date "2012.08.23"]
[Round "2"]
[White "Bedy, Noel"]
[Black "Jones, G. Avery"]
[Result "0-1"]
[WhiteElo "1539"]
[BlackElo "1484"]
[PlyCount "52"]
[EventDate "2012.08.23"]
[EventType "tourn"]
[EventRounds "3"]

1. d4 d5 2. Bf4 Nf6 3. e3 g6 4. Nd2 Bg7 5. Ngf3 Bg4 6. Be2 O-O 7. h3 Bf5 8. O-O Nbd7 9. c4 c6 10. Qb3 b6 11. Bd3 Bxd3 12. Qxd3 c5 13. cxd5 Nxd5 14. Bg3 Rc8 15. dxc5 Nxc5 16. Qa3 a5 17. Rfd1 Qe8 18. Rac1 Nb4 19. Be5 Bxe5 20. Nxe5 Qb5 21. Ndf3 Rfd8 22. Rxd8+ Rxd8 23. Nd4 Qa6 24. Nec6 Nxc6 25. Nxc6 Rd3 26. Nb4 axb4 0-1

[Event "August 2012 USCF Rated Quads"]
[Site "Port Huron"]
[Date "2012.08.23"]
[Round "2"]
[White "Rutkofske, Lonnie"]
[Black "Wilkinson, Stewart"]
[Result "1/2-1/2"]
[WhiteElo "1831"]
[BlackElo "1847"]
[PlyCount "87"]
[EventDate "2012.08.23"]
[EventType "tourn"]
[EventRounds "3"]

1. c4 e6 2. g3 d5 3. Bg2 Nf6 4. Nf3 Be7 5. O-O O-O 6. cxd5 exd5 7. d3 Nbd7 8. Re1 c6 9. Qc2 h6 10. Nc3 Nb6 11. a3 Bf5 12. Qb3 d4 13. Na4 Be6 14. Qc2 Bd5 15. Nc5 Bxc5 16. Qxc5 Bxf3 17. Bxf3 Qd7 18. Bd2 Rfe8 19. b4 Rad8 20. Rac1 Nc8 21. Bf4 a6 22. Rc4 Qe7 23. Qxe7 Rxe7 24. h3 Nb6 25. Rc2 Nfd5 26. Bd2 Rde8 27. Kf1 Rd8 28. Rc5 Na4 29. Ra5 Nac3 30. Rc5 Na4 31. Rc4 Nf6 32. h4 Nb6 33. Rc5 Nbd7 34. Rc2 Ne5 35. Bg2 Neg4 36. a4 h5 37. Bg5 Rde8 38. Be4 Re6 39. Rc4 Nxe4 40. dxe4 Rxe4 41. f3 Ne3+ 42. Bxe3 Rxe3 43. Rxd4 Ra3 44. a5 1/2-1/2

[Event "Bournemouth 2012"]
[Site "?"]
[Date "2012.04.20"]
[Round "1"]
[White "Charles, Cosmo"]
[Black "Gregg, Alan"]
[Result "1/2-1/2"]
[WhiteElo "158"]
[BlackElo "2112"]
[PlyCount "96"]
[EventDate "2012.04.20"]

1. e4 c5 2. b4 cxb4 3. a3 e5 4. axb4 Nf6 5. c3 Be7 6. d3 d5 7. Qc2 O-O 8. Bg5 d4 9. Bxf6 Bxf6 10. c4 Qb6 11. b5 Nd7 12. Nd2 Nc5 13. Be2 Bd7 14. Ngf3 Rfc8 15. Qb1 Ne6 16. g3 Nc5 17. h3 g6 18. g4 Ne6 19. h4 Nf4 20. g5 Bg7 21. Ng1 a6 22. h5 axb5 23. Rxa8 Rxa8 24. hxg6 hxg6 25. f3 Qa5 26. cxb5 Bxb5 27. Kf2 Bxd3 28. Qxb7 Bxe2 29. Nxe2 Nxe2 30. Kxe2 Qa6+ 31. Qxa6 Rxa6 32. Rb1 Rc6 33. Rb3 f6 34. gxf6 Bxf6 35. Kd3 Kg7 36. Nc4 Kh6 37. Rb6 Rxb6 38. Nxb6 Kg5 39. Nd7 Bh8 40. Nc5 Kf4 41. Ke2 Kg3 42. Nd3 g5 43. Nf2 Bg7 44. Nd3 g4 45. fxg4 Kxg4 46. Nb2 Kf4 47. Kd3 Bf8 48. Nc4 Bc5 1/2-1/2

[Event "Bournemouth 2012"]
[Site "?"]
[Date "2012.04.21"]
[Round "2"]
[White "Gregg, Alan"]
[Black "Ponter, Ian"]
[Result "1-0"]
[WhiteElo "2112"]
[BlackElo "2019"]
[PlyCount "103"]
[EventDate "2012.04.20"]

1. e4 e5 2. Nf3 Nc6 3. Bb5 a6 4. Ba4 Nf6 5. O-O b5 6. Bb3 Bc5 7. d3 d6 8. c3 O-O 9. Bg5 h6 10. Be3 Bxe3 11. fxe3 Na5 12. Bc2 c5 13. Nbd2 Nc6 14. Qe2 Bg4 15. h3 Bd7 16. Qf2 Ne7 17. Nh4 Qc8 18. Nf5 Nxf5 19. exf5 d5 20. g4 b4 21. c4 Bc6 22. e4 dxe4 23. dxe4 Qb7 24. Rfe1 Rac8 25. Re2 a5 26. b3 Rfd8 27. Rae1 Qe7 28. Nf3 Nh7 29. h4 f6 30. Qg3 Kh8 31. Rg2 Rc7 32. g5 Re8 33. Kh2 hxg5 34. hxg5 Nxg5 35. Nxg5 fxg5 36. Qxg5 Qxg5 37. Rxg5 Rd8 38. Re2 Rd6 39. Rh5+ Kg8 40. Kg3 Be8 41. Rg5 Kf7 42. Rh5 Rcd7 43. Rh8 Rd8 44. Kf2 Bc6 45. Rxd8 Rxd8 46. Kg3 g6 47. Kg4 Bd7 48. Rh2 gxf5+ 49. exf5 Rg8+ 50. Kf3 Bc6+ 51. Be4 Bd7 52. Bd5+ 1-0

[Event "Bournemouth 2012"]
[Site "?"]
[Date "2012.04.21"]
[Round "3"]
[White "Krzyanowski, Patryk"]
[Black "Gregg, Alan"]
[Result "0-1"]
[WhiteElo "2017"]
[BlackElo "2112"]
[PlyCount "138"]
[EventDate "2012.04.20"]

1. d4 d5 2. c4 c6 3. Nf3 Nf6 4. Nc3 e6 5. Bg5 Be7 6. Qc2 Nbd7 7. cxd5 exd5 8. e3 Nf8 9. Bd3 Ne6 10. Bh4 h6 11. Ne5 Nd7 12. Bxe7 Qxe7 13. f4 Nxe5 14. fxe5 Qh4+ 15. g3 Qg5 16. Qf2 O-O 17. h4 Qe7 18. O-O-O h5 19. Bb1 Nd8 20. Qc2 g6 21. Rdf1 f5 22. Qg2 Ne6 23. g4 hxg4 24. h5 Qg5 25. Qd2 gxh5 26. Ne2 h4 27. Nf4 Rf7 28. Nh3 Qh6 29. Rhg1 Ng7 30. Nf4 Nh5 31. Qh2 Nxf4 32. Rxf4 Be6 33. Rh1 Raf8 34. Bd3 Rg7 35. Bf1 h3 36. Qg3 Qg5 37. Rg1 Qe7 38. a3 c5 39. Kb1 c4 40. Rh1 c3 41. Rf2 cxb2 42. Kxb2 b5 43. Bd3 b4 44. a4 b3 45. Rc1 Qb4 46. Rc3 Qxa4 47. Rxb3 Qd7 48. Rc2 Rc8 49. Rxc8+ Qxc8 50. Rc3 Qb8+ 51. Rb3 Rb7 52. Bc2 Rxb3+ 53. Bxb3 Qd8 54. Kc3 Qg5 55. Kb4 Qh6 56. Qg1 h2 57. Qh1 Qxe3 58. Qxh2 Qxd4+ 59. Ka3 Qe3 60. Qh5 Qxe5 61. Qg6+ Kf8 62. Qg5 g3 63. Qd8+ Kf7 64. Qg5 Qg7 65. Qh5+ Qg6 66. Qf3 g2 67. Bxd5 g1=Q 68. Bxe6+ Qxe6 69. Qb7+ Kg6 0-1

[Event "Bournemouth 2012"]
[Site "?"]
[Date "2012.04.22"]
[Round "4"]
[White "Gregg, Alan"]
[Black "Therrien               , Alex - FM"]
[Result "1/2-1/2"]
[WhiteElo "2112"]
[BlackElo "2239"]
[PlyCount "51"]
[EventDate "2012.04.20"]

1. e4 c6 2. Nc3 d5 3. d3 g6 4. g3 dxe4 5. Nxe4 Bg7 6. Bg2 Nf6 7. Nxf6+ exf6 8. Ne2 Nd7 9. O-O O-O 10. d4 f5 11. c3 Nf6 12. Bg5 h6 13. Bxf6 Qxf6 14. Nf4 h5 15. h4 Qd6 16. Nd3 Be6 17. f4 Rfd8 18. Nc5 Bc8 19. Qf3 Rb8 20. Rfe1 b6 21. Nb3 Bd7 22. Rad1 Re8 23. Nd2 Rxe1+ 24. Rxe1 Re8 25. Rxe8+ Bxe8 26. Qe2 1/2-1/2

[Event "Bournemouth 2012"]
[Site "?"]
[Date "2012.04.22"]
[Round "5"]
[White "Williams             , Simon-GM"]
[Black "Gregg, Alan"]
[Result "1-0"]
[WhiteElo "2506"]
[BlackElo "2112"]
[PlyCount "101"]
[EventDate "2012.04.20"]

1. e4 e5 2. f4 exf4 3. Bc4 Nf6 4. Nc3 d5 5. Bxd5 Bb4 6. Nf3 c6 7. Bb3 Bxc3 8. dxc3 Qxd1+ 9. Kxd1 O-O 10. Bxf4 Nxe4 11. Re1 Nc5 12. Bd6 Rd8 13. Kc1 Nxb3+ 14. axb3 Be6 15. Bc7 Rc8 16. Bf4 Nd7 17. Nd4 Nf8 18. c4 a6 19. Kd2 Rd8 20. Ke3 Ng6 21. Bg3 Re8 22. Nxe6 Rxe6+ 23. Kd3 Rd8+ 24. Kc3 Rxe1 25. Rxe1 f6 26. Re2 Kf7 27. Kb4 Rd7 28. Kc5 Ne7 29. Bb8 Nf5 30. c3 Ne7 31. Kb6 Nc8+ 32. Ka5 Rd1 33. c5 Ra1+ 34. Kb4 Rd1 35. c4 Rd3 36. Bc7 Rd7 37. Bg3 Rd3 38. Be1 Ne7 39. Bc3 Nc8 40. Ka4 Rd1 41. b4 Rd3 42. b5 axb5+ 43. cxb5 Ne7 44. bxc6 bxc6 45. Ka5 Nd5 46. Ka6 Nxc3 47. bxc3 Rxc3 48. Kb6 g5 49. Kxc6 h5 50. Kb6 Rb3+ 51. Kc7 1-0

[Event "Casual Game"]
[Site "Croswell"]
[Date "2014.04.09"]
[Round "?"]
[White "Wingrove, William"]
[Black "Gregg, Alan"]
[Result "1/2-1/2"]
[WhiteElo "1694"]
[BlackElo "1985"]
[Annotator "gregg,Alan"]
[PlyCount "70"]
[EventDate "2014.04.09"]
[EventType "match"]

1. e4 c5 2. c3 Nf6 3. e5 Nd5 4. Nf3 e6 5. Bc4 Nb6 6. Bb3 d5 7. exd6 Bxd6 8. O-O O-O 9. d4 Nc6 10. Be3 c4 11. Bc2 Nd5 12. Na3 Nxe3 13. fxe3 Bxa3 14. bxa3 b5 15. e4 {Diagram } (15. Qb1) 15... Bd7 16. e5 Ne7 17. Qd2 {Diagram } (17. Bxh7+ Kxh7 18. Ng5+ Kh6 19. Rf3) 17... Bc6 18. Rad1 h6 19. h3 Nd5 20. Nh2 Qg5 21. Qxg5 hxg5 22. Rf3 Nf4 23. Rf2 f5 24. Nf3 Bxf3 25. Rxf3 g6 26. Kh2 Kg7 27. g3 Nd5 28. Rdf1 Rh8 29. Kg2 Rxh3 30. Kxh3 g4+ 31. Kg2 gxf3+ 32. Rxf3 g5 {Diagram } (32... a5 33. g4 b4 34. gxf5 gxf5 35. cxb4 axb4 36. a4 Kf7 37. Kf2 Rh8) 33. g4 f4 34. Be4 Rd8 35. Bxd5 Rxd5 1/2-1/2

[Event "Casual Game"]
[Site "Port Huron"]
[Date "2014.04.10"]
[Round "?"]
[White "Brown, Robert"]
[Black "Rutkofske, Lonnie"]
[Result "0-1"]
[WhiteElo "1300"]
[BlackElo "1809"]
[Annotator "Lonnie Rutkofske"]
[PlyCount "124"]
[EventDate "2014.04.10"]
[EventType "match"]

1. d4 Nf6 2. Nd2 c5 3. c3 {[Here I was trying to get Rob into playing against the Benoni, an opening in which I have lots of experience, but dont get much of a chance to play it OTB, because it tends to be very sharp. If White doesn't know it, Black gets a wonderful game.] Rob is patient continuing to develop his Colle set up and is not lead astray!]} g6 $2 {[Not such a great plan, since this loses the c-pawn without compensation, but to my way of thinking, anything that can deter Rob from developing can be a plus, since it is most unlikely that he can win only a pawn up!]} 4. Ngf3 b6 {[Protecting the c-pawn and creating a half-open file and creating space for the QB.]} 5. e3 Bb7 6. Bd3 Bg7 7. O-O O-O 8. Qc2 d6 9. Re1 {[This should be the turning point in the game as far as initiative goes, since now Rob has to come up with a plan of his own, the greatest challenge for lower rated players. My plan is to continue development with a focus on opening either the c and d file.]} Nbd7 10. b3 Rc8 11. Bb2 Re8 (11... Nd5 12. Bf1 cxd4 13. exd4 N7f6 14. c4 Qd7 15. Qd1 Nc7 16. g3 Ng4 17. Nh4 f5 18. h3 Nf6) (11... cxd4 12. Nxd4 a6 13. e4 Nc5 14. Ba3 Nfd7 15. Bxc5 Nxc5 16. b4 Bxd4 17. bxc5 Bxc5 18. Rab1) 12. Rad1 e5 13. dxe5 dxe5 {[Threatening 14....,e5, so the text move is probably forced. Fritz 12 gives the variations that follow.]} (13... Nxe5 14. Nxe5 Rxe5 15. c4 Rg5 16. e4 Qd7 17. Nf1 Qg4 18. Ne3 Qh4 19. g3 Qh3 20. Bf1 Qe6 21. Nd5 Bxd5 22. exd5 Qd7 23. Qc1 h6 24. h4 Rg4 25. Re3 Qf5 26. Bg2 Ne4 27. f3 Rxg3 28. Bxg7 Qf4 29. fxe4 Rxe3 30. Bxh6 Qxh6 31. Rd3 Re8 32. Rxe3 Qxh4) 14. e4 h6 {[Best here has to be 15.Nc4! followed by Bf1 and white takes control of the open file and should have a winning edge with threats on d6. Again, Rob now is thinking defense which is typical for inexperienced players. The text is not only a tempo waster, but 14.c4 gives any advantage White might have away!]} 15. c4 {Diagram } Qc7 16. h3 Rcd8 {[Now Lon's plans for the d-file come to fruition. White pieces are totally blocked and will take several tempi to untangle themselves. Yes, while his dark squared B has gained some attacking potential, his B and N will take two moves to reposition, and Black can pile up on the d-file in the mean time. Fritz still gives equality in the position.]} 17. Bc3 $2 {[Why not the simple 17. Bh3 leaving space for the knight maneuver Nb1 to c3 where it can be planted at a nice outpost at d5? White's plan now is to take advantage of the lull in the game to reposition his pieces with Nb8 to c6, followed by Bc1 eyeing pressure on the K-side.]} Nb8 18. Qb2 (18. Nf1 Nc6 19. Qb1 Nd4 20. N3d2 Nh5 21. Ne3 Nf4 22. Nd5 Qd7 23. Re3 b5 24. Nf3 bxc4 25. bxc4 Rb8 26. Bb2 Qa4 27. Nc3 Qb4 28. a3 Qa5 29. Qa2 Qb6 30. Rd2 Qf6 31. Nd5 Bxd5 32. cxd5 Nxf3+ 33. Rxf3 Qg5 34. Rxf4 exf4 35. Bxg7 Kxg7 36. Rc2 Qe7 37. Rc4 Qd6 38. Qc2 Rec8 39. Qc3+ f6 40. Qc2 h5 41. h4 Rc7 {Diagram }) 18... Nc6 19. Nf1 Nh5 20. Be2 Nf4 21. Qc2 Nd4 22. Qb2 {Diagram } (22. Bxd4 exd4 23. Bd3 h5 24. N1d2 Bf6 25. a3 a5 26. h4 a4 27. g3 Nxd3 28. Qxd3 axb3 29. Rb1 Ra8 30. Qxb3 Ra6 31. Qd3 Bc6 32. Rb3 Qd6 33. Rb2 Kg7 34. Rb3 Bb7 35. Ng5 {Diagram }) 22... Bc8 23. Ng3 Nfxe2+ 24. Nxe2 Nxf3+ 25. gxf3 Bxh3 26. Ng3 f6 27. Rd5 Be6 28. Rdd1 h5 29. Qe2 Bh6 30. Bd2 Bxd2 31. Rxd2 Rxd2 (31... Rd4 32. Nf1 Qd7 33. Rdd1 h4 34. Ne3 h3 35. Nc2 Rxd1 36. Rxd1 Qg7 37. Ne3 Qh6 38. Ng4 Qh8 39. Rd6 Qh4 40. Qe3 Kf8 41. Kh2 Kg7 42. a4 g5 43. a5 Bxg4 44. fxg4 Qxg4 45. Qg3 Qxg3+ 46. Kxg3 Rh8 47. Kh2 g4 48. Rd7+ Kh6 49. Rxa7 bxa5 50. Rxa5 Rd8 51. Rxc5 Rd2 52. Kg3 Rd1 53. Rc8 Rg1+ 54. Kh2 Rg2+ 55. Kh1 Rxf2 56. Rd8 Kg5 57. Rh8 Kf4 58. Kg1 Ra2 59. Rh5 Kf3 60. Rf5+ Kg3 61. Kf1 h2 62. Rh5 Kf3 63. Ke1 g3 64. Rh3 Kg4 65. Rh7 g2 66. Rg7+ Kf4 67. Rg4+ Kxg4 {Diagram }) 32. Qxd2 Kg7 33. Ne2 Rd8 34. Qe3 Qd6 35. Nc3 Qd3 36. Qc1 h4 37. Re3 {[While 37.Rd1 looks enticing, it loses to 37....,Qf3, 38.Rd8, Bh3!]} Qd2 38. Re1 (38. Qxd2 {Diagram } Rxd2 39. Re2 Rd3 40. Re3 Rd4 41. a4 Kf7 42. a5 Ke7 43. axb6 axb6 44. Na4 Rd6 45. Nc3 Rd2 46. Na4 Rd1+ 47. Kg2 h3+ 48. Kh2 Rd6 49. Kg3 Kf7 50. Nc3 Bd7 51. Nd5 Kg7 52. f4 exf4+ 53. Nxf4 Rd2 54. Rf3 Bc6 55. Re3 h2 56. Kxh2 Rxf2+ 57. Kg3 Rd2 58. Nd5 b5 59. cxb5 Bxb5 60. Nc7 Bd7 61. Rc3 Re2 62. Kf3 Rh2 63. Rxc5 Rh3+ 64. Kf2 Rxb3 65. e5 Rb2+ 66. Ke3 fxe5 67. Rxe5 Rb3+ 68. Kf2 Kh6 69. Ne6 Rb6 70. Nd4 Rd6 71. Nf3 Ra6 72. Re7 Ra2+ 73. Ke3 Ra3+ 74. Kf4 Bf5 75. Ne5 Ra4+) 38... Qd7 39. Re3 g5 40. Kf1 Rh8 41. Ke2 Rh7 42. Rd3 Qf7 43. Qh1 h3 44. Qh2 Rh4 45. Rd1 Kg6 46. Nd5 Kh5 47. Ne3 Qg6 48. Rg1 Qf7 49. Rg3 {Diagram } Qd7 50. Nd5 Qf7 51. Ne3 Qd7 52. Rg1 Qf7 53. Rd1 Qc7 54. Nd5 Bxd5 55. Rxd5 Qc6 {Diagram  As you can see, the White Queen is totally paralyzed and it is a hapless R against a Queen in the precarious ending.]} 56. Rd8 Kg6 57. Rd3 b5 58. Rc3 bxc4 59. Rxc4 Qa6 60. Kd3 Qxa2 61. Rc3 Qa1 62. Rxc5 Qd4+ 0-1

[Event "Casual Game"]
[Site "St. Clair, MI"]
[Date "2013.02.02"]
[Round "?"]
[White "Broyles, Thomas"]
[Black "Rutkofske, Lonnie"]
[Result "0-1"]
[WhiteElo "1737"]
[BlackElo "1831"]
[PlyCount "74"]
[EventDate "2013.02.02"]
[EventType "game"]

1. e4 Nf6 2. e5 Nd5 3. c4 Nb6 4. d4 d6 5. f4 g5 6. Nf3 Bg4 7. Be2 Bxf3 8. Bxf3 dxe5 9. Bxb7 N8d7 10. c5 Rb8 11. c6 Nf6 12. fxg5 Ne4 13. Nc3 Nxc3 14. bxc3 Bg7 15. Be3 Nd5 16. Qd3 Nxe3 17. Qxe3 exd4 18. Qh3 Qd5 19. O-O dxc3 20. Rf5 Qc4 21. Raf1 O-O 22. R5f4 Qxa2 23. Rh4 c2 24. Rxh7 Qc4 25. Rxg7+ Kxg7 26. Qh6+ Kg8 27. g6 Qd4+ 28. Kh1 Qg7 29. gxf7+ Rxf7 30. Qe6 Rd8 31. Ba6 Rd1 32. Qc8+ Kh7 33. Qh3+ Qh6 34. Bd3+ Kg7 35. Qg4+ Kh8 36. Qd4+ Rf6 37. Qd8+ Qf8 0-1

[Event "Hartford Senior"]
[Site "?"]
[Date "2012.09.15"]
[Round "2"]
[White "Nolan, Marc"]
[Black "Gregg, Alan"]
[Result "0-1"]
[WhiteElo "1704"]
[BlackElo "1981"]
[PlyCount "114"]
[EventDate "2012.09.15"]
[EventType "swiss"]

1. d4 Nf6 2. Nf3 d5 3. e3 g6 4. c4 Bg7 5. cxd5 Nxd5 6. e4 Nb6 7. Be2 O-O 8. O-O Nc6 9. Be3 Bg4 10. e5 Nd5 11. Nc3 Nxe3 12. fxe3 e6 13. h3 Bxf3 14. Bxf3 Ne7 15. Bxb7 Rb8 16. Qf3 c5 17. Rfd1 cxd4 18. exd4 Qb6 19. Be4 Qxb2 20. Rdb1 Qd2 21. Qd3 Qxd3 22. Bxd3 Nc6 23. Nb5 Rbd8 24. Rd1 Nxd4 25. Nxa7 Bxe5 26. Rab1 Ra8 27. Rb7 Bb8 28. Bc4 Rxa7 29. Rxb8 Nf3+ 30. gxf3 Rxb8 31. Bb3 Kg7 32. Kf2 Rb4 33. Rd3 Rxa2+ 34. Bxa2 Rb2+ 35. Kg3 Rxa2 36. Rd7 Kf6 37. Rc7 g5 38. Kg4 Ra5 39. Rc4 Kg6 40. Rd4 h5+ 41. Kg3 h4+ 42. Kg2 Ra2+ 43. Kg1 Kf5 44. Kh1 Re2 45. Kg1 f6 46. Kh1 e5 47. Kg1 e4 48. fxe4+ Rxe4 49. Rd5+ Kf4 50. Rd2 f5 51. Rc2 Re3 52. Rf2+ Ke4 53. Kg2 g4 54. Rb2 Kf4 55. Rb4+ Re4 56. Rb3 Re2+ 57. Kg1 Re3 0-1

[Event "Hartford senior"]
[Site "?"]
[Date "2012.09.15"]
[Round "3"]
[White "Barsky, Sam"]
[Black "Gregg, Alan"]
[Result "1-0"]
[WhiteElo "2016"]
[BlackElo "1981"]
[PlyCount "73"]
[EventDate "2012.09.15"]
[EventType "swiss"]

1. d4 d5 2. Nf3 Nf6 3. Bf4 e6 4. e3 Bd6 5. Bg5 h6 6. Bh4 c6 7. a3 Nbd7 8. c4 Qa5+ 9. Nbd2 dxc4 10. Bxc4 b5 11. Bd3 c5 12. a4 bxa4 13. Rxa4 Qc7 14. Nc4 Nb6 15. Nxb6 Qxb6 16. O-O Be7 17. dxc5 Qxc5 18. Nd4 Bd7 19. Ra3 O-O 20. Bb1 Rfd8 21. Qf3 Qd5 22. Qxd5 Nxd5 23. Bxe7 Nxe7 24. Be4 Nd5 25. Bxd5 exd5 26. Ra5 Be6 27. Rfa1 Rdb8 28. b3 Rb7 29. h3 Kf8 30. Kf1 Ke8 31. f4 g6 32. g4 Ke7 33. f5 gxf5 34. gxf5 Bd7 35. Rxd5 Rg8 36. Kf2 Rc8 37. Ra6 1-0

[Event "July 19th PHCC Rated Mini-Swiss"]
[Site "?"]
[Date "2012.07.19"]
[Round "1"]
[White "Bedy, Noel"]
[Black "Morabito, Matthew"]
[Result "0-1"]
[WhiteElo "1651"]
[BlackElo "1798"]
[PlyCount "67"]
[EventDate "2012.07.19"]
[EventType "swiss"]
[EventRounds "3"]

1. d4 d5 2. e4 dxe4 3. Nc3 Nf6 4. f3 g6 5. fxe4 Bg7 6. Be3 O-O 7. h3 e5 8. Nf3 exd4 9. Bxd4 Nc6 10. Bc4 Nxd4 11. Qxd4 Qxd4 12. Nxd4 Nxe4 13. Nxe4 Bxd4 14. O-O-O Bg7 15. Rhf1 Bf5 16. Ng5 Bh6 17. h4 Kg7 18. Kb1 Bxg5 19. hxg5 Rad8 20. Rde1 Rd2 21. Bb3 Rxg2 22. Re7 c5 23. Rxb7 c4 24. Bxc4 Bxc2+ 25. Ka1 Bf5 26. a3 a5 27. Re1 Rxg5 28. Ree7 h5 29. Rxf7+ Rxf7 30. Rxf7+ Kh6 31. Rf8 Rg1+ 32. Ka2 a4 33. Bb5 Bb1+ 34. Ka1 0-1

[Event "July 19th PHCC Rated Mini-Swiss G.30"]
[Site "?"]
[Date "2012.07.19"]
[Round "3"]
[White "Gregg, Alan"]
[Black "Wingrove, William"]
[Result "1-0"]
[WhiteElo "1859"]
[BlackElo "1688"]
[PlyCount "77"]
[EventDate "2012.07.19"]
[EventType "swiss"]
[EventRounds "3"]

1. e4 c5 2. Nf3 d6 3. d4 cxd4 4. Nxd4 Nf6 5. Nc3 a6 6. g3 e5 7. Nde2 Be7 8. Bg2 O-O 9. O-O Qc7 10. h3 b5 11. Be3 Bb7 12. f4 Nbd7 13. Nd5 Nxd5 14. exd5 Rac8 15. Rc1 Rfe8 16. b3 Kh8 17. Kh2 Bf6 18. c4 bxc4 19. bxc4 Nc5 20. Bg1 Qa5 21. Qc2 Rb8 22. Nc3 Bc8 23. Bxc5 Qxc5 24. Ne4 Qc7 25. Nxf6 gxf6 26. fxe5 fxe5 27. Qf2 f5 28. c5 Qe7 29. c6 Qg7 30. Rb1 Rxb1 31. Rxb1 e4 32. Qb2 Qxb2 33. Rxb2 e3 34. Bf3 a5 35. Be2 Kg7 36. Kg2 Kf6 37. Rb5 Ke7 38. Kf3 Kd8 39. Rxa5 {White Resigns} 1-0

[Event "July 19th PHCC Rated Mini-Swiss G/30"]
[Site "?"]
[Date "2012.07.19"]
[Round "1"]
[White "Wingrove, William"]
[Black "Rutkofske, Lonnie"]
[Result "1-0"]
[WhiteElo "1688"]
[BlackElo "1858"]
[PlyCount "100"]
[EventDate "2012.07.19"]
[EventType "swiss"]
[EventRounds "3"]

1. e4 e6 2. d4 d5 3. Nc3 Bb4 4. exd5 exd5 5. a3 Ba5 6. Bd3 Ne7 7. Bd2 Nbc6 8. Nce2 Bb6 9. c3 Bf5 10. Qc2 Qd7 11. Bxf5 Nxf5 12. Nf3 Nd6 13. O-O f6 14. Ng3 O-O 15. Rfe1 Rae8 16. Re2 Rxe2 17. Nxe2 Ne7 18. Re1 Ng6 19. Nf4 Nxf4 20. Bxf4 Qf5 21. Qxf5 Nxf5 22. Kf1 g5 23. Bc1 Kf7 24. h3 c6 25. g4 Ng7 26. Re2 Bc7 27. Ne1 h5 28. f3 h4 29. Nd3 Ne6 30. Rf2 Bg3 31. Re2 Bd6 32. Rf2 c5 33. dxc5 Bxc5 34. Nxc5 Nxc5 35. Be3 b6 36. Re2 Ne6 37. Bf2 Nf4 38. Rd2 Ke6 39. b4 Nxh3 40. Be3 Ke5 41. Kg2 Nf4+ 42. Bxf4+ Kxf4 43. Rxd5 h3+ 44. Kh2 Kxf3 45. Rd6 Kxg4 46. Rd4+ Kf5 47. Kxh3 Rf7 48. Kg3 Ke5 49. Kg4 Rg7 50. Kf3 f5 {(White won on time)} 1-0

[Event "July 19th PHCC Rated Mini-Swiss G/30"]
[Site "?"]
[Date "2012.07.19"]
[Round "2"]
[White "Rutkofske, Lonnie"]
[Black "Gregg, Alan"]
[Result "1-0"]
[WhiteElo "1858"]
[BlackElo "1959"]
[Annotator "Doe,John"]
[PlyCount "71"]
[EventDate "2012.07.19"]
[EventType "swiss"]
[EventRounds "3"]

1. e4 g6 2. g3 Bg7 3. Bg2 d6 4. c4 c5 5. d3 Nc6 6. Ne2 Nf6 7. O-O O-O 8. Nbc3 a6 9. Rb1 Rb8 10. Bg5 b5 11. cxb5 axb5 12. Qd2 b4 13. Nd1 Be6 14. b3 Nd4 15. Nf4 Qc8 16. f3 Bd7 17. Bxf6 exf6 18. Nd5 Re8 19. N1e3 f5 20. Nc4 Qa6 $4 21. Nc7 Qa7 22. Nxe8 Bxe8 23. Kh1 fxe4 24. fxe4 Qe7 25. Rbe1 Bb5 26. Ne3 Bc6 27. Ng4 h5 28. Nh6+ Bxh6 29. Qxh6 Ra8 30. Rf2 Ra7 31. Ref1 Be8 32. Bh3 Qe5 33. g4 d5 34. Rf6 Rxa2 35. Rxg6+ fxg6 36. Rf8# 1-0

[Event "July 19th PHCC Rated Mini-Swiss G/30"]
[Site "?"]
[Date "2012.07.19"]
[Round "2"]
[White "Wilkinson, Stewart"]
[Black "Bedy, Noel"]
[Result "1-0"]
[WhiteElo "1845"]
[BlackElo "1651"]
[PlyCount "67"]
[EventDate "2012.07.19"]
[EventType "swiss"]
[EventRounds "3"]

1. e4 d5 2. exd5 Qxd5 3. Nc3 Qd6 4. d4 Nf6 5. h3 a6 6. Nf3 e6 7. Be3 Be7 8. Be2 b5 9. a3 Bb7 10. O-O Nbd7 11. Qd2 c5 12. dxc5 Qxd2 13. Nxd2 Bxc5 14. Bxc5 Nxc5 15. Bf3 Ke7 16. Bxb7 Nxb7 17. Nb3 Nd6 18. Nd2 Rac8 19. Rac1 Rhd8 20. Rfe1 Nf5 21. Nf3 Nd5 22. Nxd5+ Rxd5 23. c3 Rcd8 24. Kf1 f6 25. g4 Nd6 26. Nd4 Rxd4 27. cxd4 Nc4 28. b3 Nxa3 29. Rc7+ Rd7 30. Rxd7+ Kxd7 31. Ra1 b4 32. Ke2 Kc6 33. Kd3 Kb5 $2 {33..., Kd6 or Kd5 seem to hold out better prospects at preventing penetration.} 34. Re1 {Black Resigns} 1-0

[Event "July 19th PHCC Rated Mini-Swiss G/30"]
[Site "?"]
[Date "2012.07.19"]
[Round "3"]
[White "Bedy, Noel"]
[Black "Rutkofske, Lonnie"]
[Result "0-1"]
[WhiteElo "1651"]
[BlackElo "1858"]
[PlyCount "74"]
[EventDate "2012.07.19"]
[EventType "swiss"]
[EventRounds "3"]

1. d4 Nf6 2. Nc3 c5 3. d5 d6 4. e4 g6 5. Bb5+ Nbd7 6. Nf3 a6 7. Bxd7+ Nxd7 8. a4 Bg7 9. O-O Nb6 10. Qe2 Bg4 11. h3 Bxf3 12. Qxf3 Nc4 13. Qe2 Nb6 14. Kh1 O-O 15. f4 e6 16. Qg4 exd5 17. Nxd5 Nxd5 18. exd5 f5 19. Qf3 Re8 20. c3 Re4 21. g4 Qf6 22. gxf5 Qxf5 23. Qg4 Qxd5 24. Kg1 Rae8 25. Qf3 Qf5 26. Bd2 d5 27. Rae1 Rxe1 28. Rxe1 Rf8 29. Qe3 Kh8 30. Kg2 d4 31. Qe4 Qd7 32. Qe7 Qxa4 33. Qxb7 Qc2 34. Re2 dxc3 35. bxc3 Qd3 36. Re7 Qxd2+ 37. Kg1 Qxc3 {White Resigns} 0-1

[Event "July 19th PHCC Rated Mini-Swiss G/30"]
[Site "?"]
[Date "2012.07.19"]
[Round "3"]
[White "Morabito, Matthew"]
[Black "Wilkinson, Stewart"]
[Result "0-1"]
[WhiteElo "1798"]
[BlackElo "1845"]
[Annotator "Doe,John"]
[PlyCount "88"]
[EventDate "2012.07.19"]
[EventType "swiss"]
[EventRounds "3"]

1. Nf3 d5 2. g3 e6 3. Bg2 Nf6 4. d3 Be7 5. O-O O-O 6. Re1 Nc6 7. b3 b6 8. Bb2 Bb7 9. Nbd2 a5 10. c4 Rb8 11. cxd5 Nxd5 12. a3 Bf6 13. Bxf6 Nxf6 14. Rc1 Nd4 15. Nxd4 Bxg2 16. Kxg2 Qxd4 17. Nf3 Qd6 18. Qc2 Rfc8 19. a4 h6 20. d4 Nd5 21. e4 Nb4 22. Qc4 c5 23. Rcd1 cxd4 24. Qxd4 Qxd4 25. Nxd4 Rc5 26. Rc1 Rbc8 27. Rxc5 Rxc5 28. Rb1 e5 29. Nb5 Rc2 30. Kf1 Nd3 31. Rd1 Nxf2 32. Rd8+ Kh7 33. Rb8 Nxe4 34. Rxb6 Nd2+ 35. Ke2 Nxb3+ 36. Kd3 Rxh2 37. Nd6 Nc5+ 38. Ke3 Nxa4 39. Ra6 f6 40. Rxa5 Nc3 41. Kd3 Ne2 42. Nf5 Kg6 43. Nh4+ Kh5 44. Nf3 Rg2 {White lost on time.} 0-1

[Event "July 26th PHCC Rated G/30 Quad"]
[Site "?"]
[Date "2012.07.26"]
[Round "1"]
[White "Gregg, Alan"]
[Black "Bedy, Noel"]
[Result "1-0"]
[WhiteElo "1948"]
[BlackElo "1629"]
[PlyCount "49"]
[EventDate "2012.07.26"]
[EventType "tourn"]
[EventRounds "3"]

1. e4 d5 2. exd5 Nf6 3. c4 e6 4. dxe6 Bxe6 5. Nc3 Nc6 6. Nf3 Qe7 7. Qe2 Nb4 8. d4 Bxc4 9. Qxe7+ Bxe7 10. Bxc4 Nc2+ 11. Kd2 Nxa1 12. b3 Nxb3+ 13. Bxb3 O-O 14. Kc2 Bb4 15. Nd5 Nxd5 16. Bxd5 c6 17. Bb3 Rad8 18. Be3 Be7 19. a4 b5 20. Ne5 bxa4 21. Bxa4 Bf6 22. Nxc6 Rd5 23. Kd3 Rc8 24. Rc1 h6 25. Ne7+ 1-0